Подробности
| 000 -МАРКЕР |
| контрольное поле |
02230nam0a22003131 4500 |
| 001 - ИДЕНТИФИКАТОР ЗАПИСИ |
| контрольное поле |
v19\rc\1226014 |
| 005 - ИДЕНТИФИКАТОР ВЕРСИИ |
| контрольное поле |
20260405135821.0 |
| 035 ## - ДРУГИЕ СИСТЕМНЫЕ НОМЕРА |
| Идентификатор записи |
(NLR Aleph) 005187904 |
| 100 ## - ДАННЫЕ ОБЩЕЙ ОБРАБОТКИ |
| Данные общей обработки |
20060306e18411841|||y0rusy50 ca |
| 101 0# - ЯЗЫК РЕСУРСА |
| Язык текста, звукозаписи и т.д. |
русский |
| 102 ## - СТРАНА ПУБЛИКАЦИИ ИЛИ ПРОИЗВОДСТВА |
| Страна публикации |
Российская Федерация |
| 105 ## - ПОЛЕ КОДИРОВАННЫХ ДАННЫХ: ТЕКСТОВЫЕ МАТЕРИАЛЫ, МОНОГРАФИЧЕСКИЕ |
| Кодированные данные о монографическом текстовом документе |
y z ||||| |
| 200 1# - ЗАГЛАВИЕ И СВЕДЕНИЯ ОБ ОТВЕТСТВЕННОСТИ |
| Основное заглавие |
Старина морская и заморская |
| 210 ## - ПУБЛИКАЦИЯ, РАСПРОСТРАНЕНИЕ И ДР. |
| Дата издания, распространения и т.д. |
1841 |
| Место издания, распространения и т.д. |
Б. м. |
| 215 ## - ФИЗИЧЕСКАЯ ХАРАКТЕРИСТИКА |
| Размеры |
17 |
| 300 ## - ОБЩИЕ ПРИМЕЧАНИЯ |
| Текст примечания |
На переплете: Записки С. Бурачка и Бурхановского |
| 311 ## - ПРИМЕЧАНИЯ, ОТНОСЯЩИЕСЯ К ПОЛЯМ СВЯЗИ (ПРИМЕЧАНИЯ О СВЯЗИ С ДРУГИМИ ПРОИЗВЕДЕНИЯМИ (ИЗДАНИЯМИ)) |
| Текст примечания |
Отт. из: Журн. для чтения воспитанникам воен.-учеб. заведений. 1841. Т. 30. № 120. С. 233-261 |
| 316 ## - ПРИМЕЧАНИЯ ОБ ОСОБЕННОСТЯХ ЭКЗЕМПЛЯРА |
| Текст примечания |
Экз. РНБ (В80/Б-2/2(алл. 1)): приплетено: Рыкачев, Н. Эпизод русского крейсерства на Адриатическом море. Кронштадт, 1879 |
| Организация и экземпляр, к которому относится поле |
NLR: В80/Б-2/2(алл. 1) |
| 481 #0 - ТАКЖЕ В ЭТОМ ПЕРЕПЛЕТЕ |
| Встроенное поле |
001v19\rc\1544043 |
| Системный номер (АБИС) связанной записи |
5647770 |
| Автор |
Рыкачев, Н. А. (1832-1891) |
| Место публикации |
Кронштадт |
| Дата публикации |
ценз. 1879 |
| Имя издателя, распространителя и т.д. |
тип. "Кронштадт. вестн." |
| Сведения, относящиеся к заглавию |
(Ист. очерк) |
| Физическая характеристика |
36 с. |
| Заглавие |
Эпизод русского крейсерства на Адриатическом море |
| 482 #0 - ПРИПЛЕТЕНО К |
| Встроенное поле |
2001#$aЭпизод русского крейсерства на Адриатическом море |
| -- |
210##$aКронштадт$d1879 |
| -- |
700#1$3RU\NLR\AUTH\7756247$7ca$aРыкачев$bН. А.$f1832-1891$gНиколай Александрович |
| Заглавие |
Эпизод русского крейсерства на Адриатическом море |
| Автор |
Рыкачев, Николай Александрович (1832-1891) |
| 488 #0 - ДРУГИЕ ВЗАИМОСВЯЗАННЫЕ ПРОИЗВЕДЕНИЯ (ДОКУМЕНТЫ) |
| Встроенное поле |
2001#$aЖурнал для чтения воспитанникам военно-учебных заведений$v1841, т. 30, № 120 |
| -- |
215##$aС. 233-261 |
| Заглавие |
Журнал для чтения воспитанникам военно-учебных заведений |
| 700 #1 - ИМЯ ЛИЦА - ПЕРВИЧНАЯ ОТВЕТСТВЕННОСТЬ |
| Материалы, к которым относится поле |
rus |
| Графика поля |
Кириллица |
| Начальный элемент ввода |
Бурачек |
| Часть имени, кроме начального элемента ввода |
С. О. |
| Даты |
1800-1876 |
| Расширение инициалов личного имени |
Степан Онисимович |
| Идентификатор авторитетной/нормативной записи |
RU\NLR\AUTH\7756164 |
| Системный номер авторитетной/нормативной записи |
39096 |
| 801 #2 - ИСТОЧНИК ЗАПИСИ |
| Страна |
Российская Федерация |
| Организация |
NLR |
| Дата составления |
20060317 |
| Источник данных |
rusmarc |
| 801 #0 - ИСТОЧНИК ЗАПИСИ |
| Страна |
Российская Федерация |
| Организация |
NLR |
| Дата составления |
20060306 |
| Правила каталогизации |
psbo |
| 801 #1 - ИСТОЧНИК ЗАПИСИ |
| Страна |
Российская Федерация |
| Организация |
ProSoft-M |
| Дата составления |
20060306 |
| Источник данных |
rusmarc |
| 852 ## - МЕСТОНАХОЖДЕНИЕ И ШИФР ХРАНЕНИЯ |
| Идентификатор организации |
NLR |
| Шифр хранения (Call Number) |
В80/Б-2/2 |
| 942 ## - ДОПОЛНИТЕЛЬНЫЕ ЭЛЕМЕНТЫ ЗАПИСИ (АБИС) |
| Тип экземпляра АБИС |
Книга |
| 980 ## - КОЛЛЕКЦИЯ |
| Название коллекции |
Национальная библиография |